| 000 | 00473nam a2200169 4500 | ||
|---|---|---|---|
| 001 | 128099 | ||
| 003 | ES-MaACL | ||
| 005 | 20230906193148.0 | ||
| 007 | t| | ||
| 008 | 070214s1969 sp r ||||1| spa d | ||
| 100 | 1 |
_aRoanes Macías, Eugenio. _997775 |
|
| 245 | 1 | 0 |
_aDidáctica de las Matemáticas / _cEugenio Roanes Macías. |
| 260 |
_aSalamanca : _bAnaya, _c1969. |
||
| 300 |
_a1 v. : _bil. ; _c23 cm. |
||
| 500 | _aEs el t. I. | ||
| 852 |
_aES-MaACL _jP-1682 _bR.72412 |
||
| 999 |
_c128099 _d128099 |
||